<?xml version="1.0" encoding="utf-8"?>
<?xml-stylesheet type='text/xsl' href='./oai2.xsl'?>
<OAI-PMH xmlns="http://www.openarchives.org/OAI/2.0/" xmlns:xsi="http://www.w3.org/2001/XMLSchema-instance" xsi:schemaLocation="http://www.openarchives.org/OAI/2.0/ http://www.openarchives.org/OAI/2.0/OAI-PMH.xsd">
  <responseDate>2026-06-06T21:52:07Z</responseDate>
  <request verb="GetRecord" metadataPrefix="marcxml" identifier="record_kuniweb_590487">https://kulturerbe.niedersachsen.de/oai</request>
  <GetRecord>
    <record>
      <header>
        <identifier>record_kuniweb_590487</identifier>
        <datestamp>2025-08-28T09:38:22Z</datestamp>
        <setSpec>slg0111</setSpec>
      </header>
      <metadata>
        <marc:record xmlns:marc="http://www.loc.gov/MARC21/slim" xsi:schemaLocation="http://www.loc.gov/MARC21/slim http://www.loc.gov/standards/marcxml/schema/MARC21slim.xsd">
          <marc:leader>12345nkm  22     uu 4500</marc:leader>
          <marc:controlfield tag="001">590487</marc:controlfield>
          <marc:controlfield tag="003">http://kuniweb.gbv.de</marc:controlfield>
          <marc:controlfield tag="005">2018-11-28T15:18:43</marc:controlfield>
          <marc:controlfield tag="008">|           ||||||||||||||||||||||</marc:controlfield>
          <marc:datafield tag="245" ind1="1" ind2="0">
            <marc:subfield code="a">Disposition einer Holzdrehereianlage mit oberschlächtigem Wasserrad und eisernen Triebwerken inklusive Transmission für Herrn W. Schrader in St. Andreasberg, um 1870</marc:subfield>
          </marc:datafield>
          <marc:datafield tag="655" ind1=" " ind2="7">
            <marc:subfield code="a">Grafik</marc:subfield>
          </marc:datafield>
          <marc:datafield tag="046" ind1=" " ind2=" ">
            <marc:subfield code="k">1870</marc:subfield>
            <marc:subfield code="k">um 1870</marc:subfield>
          </marc:datafield>
          <marc:datafield tag="260" ind1=" " ind2=" ">
            <marc:subfield code="g">1870</marc:subfield>
            <marc:subfield code="g">um 1870</marc:subfield>
          </marc:datafield>
          <marc:datafield tag="520" ind1=" " ind2=" ">
            <marc:subfield code="a">Zeichnung - koloriert
Herstellungsort - Königshütte, (Bad) Lauterberg

Auftraggeber und Standort:
W. Schrader,  Pulvermühle St. Andreasberg	

Information:
Der  Maßstab ist  mit 12 mm gleich einem rheinl. Fuß angegeben.

Anmerkung zum Maßstab:
Im 19. Jahrhundert wurden z. B. im Rheinbund nur Vorbereitungen zur Einführung des französischen Dezimalsystems unternommen, etwa durch Dezimalisierung des jeweiligen lokalen bzw. Einführung eines runden, z. B. 30-cm-Fußmaßes. Erst gegen Ende des 19. Jahrhunderts setzte sich das dezimalmetrische System allmählich auch international durch.
Auf der ersten „Conférence Générale des Poids et Mesures“ (CGPM) 1889 wurden Meter, Kilogramm und Sekunde als internationale Basiseinheiten festgelegt (MKS-System). Die neuen Prototypen für den Meter und das Kilogramm wurden genehmigt und an die Mitgliedstaaten verteilt. Erst gegen Ende des 19. Jahrhunderts setzte sich das dezimalmetrische System allmählich auch international durch. So wurde am 20. Mai 1875 in Paris die Meterkonvention unterzeichnet, ein diplomatischer Vertrag unter den 17 führenden Industrienationen, die sich darin auf einheitliche Normale für die wichtigsten Größen einigten. Ohne diese Maßnahme wäre die weitere Entwicklung der industrialisierten Welt vielleicht unmöglich gewesen, weil national unterschiedliche Einheiten den internationalen Handel sowie wissenschaftlichen und technischen Austausch enorm erschwert hätten. Die Meterkonvention ist weiterhin gültig und ist Grundlage des Internationalen Einheitensystems (SI). Mit der Pflege des in der Meterkonvention festgelegten Standards wurde die internationale Organisation „Bureau International des Poids et Mesures“ (BIPM) beauftragt.
siehe:
Metrisches Einheitensystem – Wikipedia
https://de.wikipedia.org/wiki/Metrisches_Einheitensystem








 (Förderkreis Königshütte Bad Lauterberg e.V.)</marc:subfield>
          </marc:datafield>
          <marc:datafield tag="650" ind1="1" ind2=" ">
            <marc:subfield code="a">Holzbearbeitung</marc:subfield>
          </marc:datafield>
          <marc:datafield tag="650" ind1="1" ind2=" ">
            <marc:subfield code="a">Grafik, Fotografie &gt; Zeichnung</marc:subfield>
          </marc:datafield>
          <marc:datafield tag="650" ind1="1" ind2=" ">
            <marc:subfield code="a">Handwerk</marc:subfield>
          </marc:datafield>
          <marc:datafield tag="650" ind1="1" ind2=" ">
            <marc:subfield code="a">Sankt Andreasberg (Braunlage, Goslar, Niedersachsen)</marc:subfield>
          </marc:datafield>
          <marc:datafield tag="773" ind1="0" ind2=" ">
            <marc:subfield code="t">Mühlen-, Gips- und sonstige Anlagen</marc:subfield>
          </marc:datafield>
          <marc:datafield tag="852" ind1=" " ind2=" ">
            <marc:subfield code="a">Industriedenkmal Königshütte Bad Lauterberg im Harz</marc:subfield>
          </marc:datafield>
          <marc:datafield tag="" ind1=" " ind2=" ">
            <marc:subfield code="a">Namensnennung - Nicht kommerziell - Keine Bearbeitungen 4.0 International (CC BY-NC-ND 4.0)</marc:subfield>
          </marc:datafield>
        </marc:record>
      </metadata>
    </record>
  </GetRecord>
</OAI-PMH>
